| 000 | 00986nam a2200253 i 4500 | ||
|---|---|---|---|
| 001 | 18747 | ||
| 003 | ES-MaACL | ||
| 005 | 20230906151920.0 | ||
| 007 | t| | ||
| 008 | 020219s2001 sp a |||| | spa j | ||
| 020 | _a84-89847-48-7 | ||
| 080 | _a351.743(460)"1975/.." | ||
| 100 | 1 |
_aCarrillo, Fernando. _935756 |
|
| 245 | 1 | 4 |
_aLos guardias civiles: esos ciudadanos uniformados _b: 25 años de lucha por la democratización y el asociacionismo en la Guardia Civil (1976-2001) / _cFernando Carrillo, Manuel del Alamo. |
| 260 |
_aAlzira (Valencia) : _bGermania, _c[2001] |
||
| 300 |
_a300 p : _bil., gráf., facs. ; _c24 cm. |
||
| 500 | _aIncluye: 25 visiones sobre los guardias civiles / Antonio Ortiz, "Ortifus" ... [et al.] | ||
| 504 | _aBibliografía: p. 149-152. | ||
| 610 | 1 | 7 |
_aEspaña. _bGuardia Civil- _y1975- _93808 |
| 700 | 1 |
_aAlamo, Manuel del. _919112 |
|
| 700 | 0 |
_aOrtifus. _987535 |
|
| 740 | 0 | 2 | _a25 visiones sobre los guardias civiles. |
| 852 |
_aES-MaACL _jL-25324 |
||
| 999 |
_c18747 _d18747 |
||